00667nam a2200205 a 450000100100000000500170001000800410002702000150006804000250008308200130010810000230012124000250014424500830016926000370025230000210028949000210031050000760033170000330040783000210044000004226820201002040037.0131121s1991 sp 000 0 spa d a8440622953 aDO-SdBNPbspacBNPHU axxxbxxx1 aEllis, Bret Easton10aAmerican Psycholeng10aAmerican psycho /cBret Easton Ellis ; traducción de Mariano Antolín Rato. aBarcelona :bEdiciones B,c1991. a469 p. ;c22 cm.1 aTiempos modernos aIncluye datos biográficos del autor en la solapa de la contracubierta12aAntolín Rato, Marianoetr. 0aTiempos modernos